Μελέτη δεξιοτήτων και κατάρτιση εκπαιδευτικών προγραμμάτων για την ηλεκτρονική διακυβέρνηση = Research in skills of electronic government training programas and development of curriculums for e-gov educational programs : μεταπτυχιακή εργασία

Σκοπός της παρούσας διπλωματικής εργασίας είναι η μελέτη της τρέχουσας κατάστασης και η ανάπτυξη εκπαιδευτικών προγραμμάτων για την Ηλεκτρονική Διακυβέρνηση, σε συνδυασμό με την κωδικοποίηση και αντιστοίχηση των προσδοκώμενων επαγγελματικών δεξιοτήτων. Για να μπορέσουν να καταρτιστούν ορθά τα εν λόγ...

Πλήρης περιγραφή

Αποθηκεύτηκε σε:
Λεπτομέρειες βιβλιογραφικής εγγραφής
Κύριος συγγραφέας: Κοτλίδα, Μαρία
Συγγραφή απο Οργανισμό/Αρχή: Πανεπιστήμιο Αιγαίου. Σχολή Θετικών Επιστημών. Τμήμα Μηχανικών Πληροφοριακών και Επικοινωνιακών Συστημάτων. Π.Μ.Σ. Τεχνολογίες και Διοίκηση Πληροφοριακών και Επικοινωνιακών Συστημάτων. Ηλεκτρονική Διακυβέρνηση
Άλλοι συγγραφείς: Χαραλαμπίδης, Ιωάννης (dgs [Επιβλέπων καθηγητής])
Μορφή: Thesis Βιβλίο
Γλώσσα:Greek
Δημοσίευση: 2017.
Θέματα:
Διαθέσιμο Online:http://hdl.handle.net/11610/17540
Ετικέτες: Προσθήκη ετικέτας
Δεν υπάρχουν, Καταχωρήστε ετικέτα πρώτοι!

MARC

LEADER 00000cam a2200000 a 4500
001 1/114384
008 170623s2017####gr | ||| |||| ||gre||
040 |a GR-MyUa  |b gre  |c GR-MyUa  |e AACR2 
041 0 |a gre 
082 7 |a 352.3802854678   |2 (23)  
100 1 |a Κοτλίδα, Μαρία. 
245 1 0 |a Μελέτη δεξιοτήτων και κατάρτιση εκπαιδευτικών προγραμμάτων για την ηλεκτρονική διακυβέρνηση =   |b Research in skills of electronic government training programas and development of curriculums for e-gov educational programs : μεταπτυχιακή εργασία /   |c Μαρία Κοτλίδα ; επιβλέπων καθηγητής Ιωάννης Χαραλαμπίδης.  
246 1 |i Παράλληλος τίτλος :   |a Research in skills of electronic government training programas and development of curriculums for e-gov educational programs 
260 |c 2017.  
300 |a 166 σ. :   |b σχέδια, πιν. ;   |c 30 εκ. 
500 |a Μέλη της εξεταστικής επιτροπής: Ιωάννης Χαραλαμπίδης, Ευριπίδης Λουκής, Δημήτριος Δρόσος.  
502 |a Διατριβή (μεταπτυχιακή) - Πανεπιστήμιο Αιγαίου, Σάμος, 2017.  
504 |a Βιβλιογραφία: σ. 160-162.  
506 1 |a Διάθεση πλήρους κειμένου ;   |d Ενδοπανεπιστημιακή δημοσίευση.  
520 8 |a Σκοπός της παρούσας διπλωματικής εργασίας είναι η μελέτη της τρέχουσας κατάστασης και η ανάπτυξη εκπαιδευτικών προγραμμάτων για την Ηλεκτρονική Διακυβέρνηση, σε συνδυασμό με την κωδικοποίηση και αντιστοίχηση των προσδοκώμενων επαγγελματικών δεξιοτήτων. Για να μπορέσουν να καταρτιστούν ορθά τα εν λόγω εκπαιδευτικά προγράμματα απαιτείται ευρεία μελέτη της υπάρχουσας κατάστασης στον τομέα της ηλεκτρονικής διακυβέρνησης Προς τούτο πραγματοποιείται μια σειρά από εμπεριστατωμένες μελέτες στον τομέα αυτόν. Οι μελέτες αυτές κάνουν εφικτή την αντιστοιχία των ενοτήτων των μαθημάτων με τις βασικές δεξιότητες οι οποίες περιλαμβάνονται σε υπάρχουσες κωδικοποιήσεις δεξιοτήτων ηλεκτρονικής διακυβέρνησης όπως είναι το ESCO skills list. Τα εκπαιδευτικά προγράμματα ηλεκτρονικής διακυβέρνησης της παρούσας εργασίας καταρτίζονται κατόπιν μελέτης της βιβλιογραφίας της ηλεκτρονικής διακυβέρνησης και των υπαρχόντων προγραμμάτων σπουδών ηλεκτρονικής διακυβέρνησης σε προπτυχιακό και μεταπτυχιακό επίπεδο σε πανεπιστήμια του εξωτερικού και στην Ελλάδα. Η εργασία αυτή έρχεται να προτείνει μαθήματα για ένα νέο πρόγραμμα μεταπτυχιακών σπουδών ηλεκτρονικής διακυβέρνησης και ένα νέο κύκλο σπουδών σε προπτυχιακό επίπεδο ηλεκτρονικής διακυβέρνησης Τα δύο αυτά εκπαιδευτικά προγράμματα είναι καταρτισμένα βασιζόμενα στις κύριες δεξιότητες τις οποίες οι υπάρχουσες κωδικοποιήσεις δεξιοτήτων θέτουν ως βασικές σε εκπαιδευτικά προγράμματα ηλεκτρονικής διακυβέρνησης. 
540 |a Κλειδωμένη η δυνατότητα αντιγραφής (copy) του κειμένου.  
650 0 |a Dissertations, Academic  |z Greece. 
650 0 |a Internet in public administration. 
650 0 |a Public administration  |x Study and teaching  |x Technological innovations. 
700 1 |a Χαραλαμπίδης, Ιωάννης,  |e dgs [Επιβλέπων καθηγητής] 
710 2 |a Πανεπιστήμιο Αιγαίου.   |b Σχολή Θετικών Επιστημών.   |b Τμήμα Μηχανικών Πληροφοριακών και Επικοινωνιακών Συστημάτων.   |b Π.Μ.Σ. Τεχνολογίες και Διοίκηση Πληροφοριακών και Επικοινωνιακών Συστημάτων.   |b Ηλεκτρονική Διακυβέρνηση. 
852 |a INST  |b SAMOS  |c DIATR  |e 20170623  |h 352.3802854678 ΚΟΥ  |p 005300044667  |q 005300044667  |t MTXE  |y 23 
856 |u http://hdl.handle.net/11610/17540 
924 |a Κοτλίδα  |b Μαρία  |y Σάμος  |z 2017-05 
970 |a Κοσιέρης  |b Χρήστος  |z 23-06-2017